00218nam a2200085Ia 4500008004100000100002300041245002700064260003300091300000800124201223s9999 xx 000 0 und d aMalayala Manoraman 0aManorama Yearbook 1993 aKottayambMalayala Manorama a784